000 00320nam a22001337a 4500
999 _c13875
_d13875
020 _a978-1841697468
082 _a155.2
100 _aRobert B. Ewen
245 _aAn Introduction to Theories of Personality
250 _a7th Edition
260 _aNew York
_bPsychology Press
_c2010
300 _a470 pages
942 _cBK